Water abundance scarcity and security in the age of humanity / (Record no. 151250)

MARC details
000 -LEADER
fixed length control field 00659nam a22001937a 4500
005 - DATE AND TIME OF LATEST TRANSACTION
control field 20180416161623.0
010 ## - LCCN (DPL NO)
LC control number ENG-122588
020 ## - INTERNATIONAL STANDARD BOOK NUMBER
International Standard Book Number 9789352800391
Terms of availability 995.00
035 ## - SYSTEM CONTROL NUMBER
System control number EN-106120
037 ## - SOURCE OF ACQUISITION
Source of stock number/acquisition DBAD/PUB
082 ## - DEWEY DECIMAL CLASSIFICATION NUMBER
Classification number 333.91
100 ## - MAIN ENTRY--PERSONAL NAME
Personal name Schmidt, Jeremy J.
245 ## - TITLE STATEMENT
Title Water abundance scarcity and security in the age of humanity /
Statement of responsibility, etc by Jeremy J. Schmidt
260 ## - PUBLICATION, DISTRIBUTION, ETC. (IMPRINT)
Place of publication, distribution, etc New Delhi
Name of publisher, distributor, etc Sage Publications
Date of publication, distribution, etc 2017
270 ## - ADDRESS
Address B-1/I-1, Mohan Cooperative Industrial Area, Mathura Road,
City New Delhi
Postal code 110044
300 ## - PHYSICAL DESCRIPTION
Extent 308p.
Dimensions 22cm.(Hb)
Other physical details ill.
500 ## - GENERAL NOTE
General note It include note, bibliography and index
942 ## - ADDED ENTRY ELEMENTS (KOHA)
Source of classification or shelving scheme Dewey Decimal Classification
Item type English Books
Call number suffix SCH
Classification part 333.91
Holdings
Withdrawn status Lost status Not for loan Collection code Home library Current library Date acquired Source of acquisition Cost, normal purchase price Full call number Barcode Copy number Cost, replacement price Koha item type
    Not For Loan Non-fiction D.B.Act.Division Central Library 16/04/2018 DBAD/PUB 995.00 333.91 SCH EN-106120 1 995.00 English Books

© Delhi Public Library
Hit Counter
free hit counter